书目信息 |
| 题名: |
金山
|
|
| 作者: | 张漓 , 侯俐 主编 | |
| 分册: | ||
| 出版信息: | 北京 新星出版社 2009.06 |
|
| 页数: | 137页 | |
| 开本: | 23cm | |
| 丛书名: | ||
| 单 册: | ||
| 中图分类: | D634.371.1 , I235.1 | |
| 科图分类: | ||
| 主题词: | 电影文学剧本--中国--现代 , 华工 , 华工--近代--加拿大--史料 , 电影文学剧本 | |
| 电子资源: | ||
| ISBN: | 978-7-80225-688-0 | |
| 000 | 01152nam0 2200325 450 | |
| 001 | 1240435319 | |
| 005 | 20120110111436.98 | |
| 010 | @a978-7-80225-688-0@dCNY30.00 | |
| 090 | @aI235.1@bhl | |
| 096 | @aI235.1@bhl | |
| 100 | @a20091222d2009 em y0chiy50 ea | |
| 101 | 0 | @achi |
| 102 | @aCN@b110000 | |
| 105 | @aa z 000by | |
| 200 | 1 | @a金山@b专著@f侯俐,张漓主编@9jin shan |
| 210 | @a北京@c新星出版社@d2009.06 | |
| 215 | @a137页@c剧照,照片@d23cm | |
| 312 | @a封面英文题名:Iron road | |
| 330 | @a从1881年开始,加拿大政府为完成国家统一,决定修建连接东西的太平洋铁路。怀抱着淘金梦想的17,500名广东华工背井离乡,参建这条铁路,在穿越落基山脉的最艰险路段,有4000多个中国人葬身于此。本书内容通过中加合作拍摄的电影《金山》来叙述这段历史,书中还收录有许多当年的历史资料及珍贵照片。 | |
| 510 | 1 | @aIron road@zeng |
| 606 | 0 | @a电影文学剧本@y中国@z现代 |
| 606 | 0 | @a华工 |
| 606 | 0 | @a华工@z近代@y加拿大@j史料 |
| 606 | 0 | @a电影文学剧本 |
| 690 | @aD634.371.1@v4 | |
| 690 | @aI235.1@v4 | |
| 701 | 0 | @a张漓@c(影视)@4主编@9zhang li |
| 701 | 0 | @a侯俐@c(女)@4主编@9hou li |
| 801 | 0 | @aCN@b110138@c20090709 |
| 905 | @aZUCC@dI235.1@eZ133 | |
| 金山/侯俐,张漓主编.-北京:新星出版社,2009.06 |
| 137页:剧照,照片;23cm |
| ISBN 978-7-80225-688-0:CNY30.00 |
| 从1881年开始,加拿大政府为完成国家统一,决定修建连接东西的太平洋铁路。怀抱着淘金梦想的17,500名广东华工背井离乡,参建这条铁路,在穿越落基山脉的最艰险路段,有4000多个中国人葬身于此。本书内容通过中加合作拍摄的电影《金山》来叙述这段历史,书中还收录有许多当年的历史资料及珍贵照片。 |
| ● |
| 相关链接 |
|
|
|
正题名:金山
索取号:I235.1/Z133
 
预约/预借
| 序号 | 登录号 | 条形码 | 馆藏地/架位号 | 状态 | 备注 |
| 1 | 483272 | 204832725 | 自科二线504/422社科库 48排3列5层/ [索取号:I235.1/Z133] | 在馆 | |
| 2 | 483273 | 204832734 | 文学库108/108文学库 20排1列3层/ [索取号:I235.1/Z133] | 在馆 | |
| 3 | 483274 | 204832743 | 文学库108/108文学库 20排1列3层/ [索取号:I235.1/Z133] | 在馆 |